[Event "2. BUNDESLIGA MITTE 2019/2020"]
[Site "Linz"]
[Date "2019.10.13"]
[Round "3"]
[Board "4"]
[White "Webersberger, Johann"]
[Black "Koller, Hans-Juergen"]
[Result "1-0"]
[WhiteElo "2367"]
[BlackElo "2173"]
[PlyCount "57"]
[EventDate "2019.10.11"]
[EventType "team"]
[EventRounds "11"]
[EventCountry "AUT"]
[WhiteTeam "SPG Sparkasse SEDDA Grieskirchen/Schalle"]
[BlackTeam "SPG Freistadt/Wartberg"]

1. d4 Nf6 2. Bg5 c5 3. Bxf6 exf6 4. dxc5 Bxc5 5. e3 d5 6. c3 O-O 7. Nf3 Nc6 8.
Be2 Be6 9. Nbd2 f5 10. O-O Qf6 11. Qa4 g5 12. Rad1 a6 13. Qc2 Rac8 14. Nb3 Ba7
15. Nfd4 Ne7 16. Bd3 Bb8 17. f4 Kh8 18. g3 Rg8 19. Kh1 Rg7 20. Nf3 h6 21. Nbd4
Ba7 22. a4 Bb8 23. Qb3 Bd7 24. Qxb7 Rgg8 25. Qxa6 Qg7 26. Ne5 Bxe5 27. fxe5 Ra8
28. Qf6 Bxa4 29. b3  1-0

[Event "2. BUNDESLIGA MITTE 2019/2020"]
[Site "Linz"]
[Date "2019.10.13"]
[Round "3"]
[Board "5"]
[White "Postlmayer, Jakob"]
[Black "Singer, Christoph"]
[Result "1/2-1/2"]
[WhiteElo "2204"]
[BlackElo "2338"]
[PlyCount "61"]
[EventDate "2019.10.11"]
[EventType "team"]
[EventRounds "11"]
[EventCountry "AUT"]
[WhiteTeam "SPG Freistadt/Wartberg"]
[BlackTeam "SPG Sparkasse SEDDA Grieskirchen/Schalle"]

1. e4 e5 2. Nf3 Nc6 3. Bb5 a6 4. Ba4 Nf6 5. O-O Be7 6. Re1 b5 7. Bb3 d6 8. c3
O-O 9. h3 Nb8 10. d4 Nbd7 11. Nbd2 Bb7 12. Bc2 Re8 13. Nf1 Bf8 14. Ng3 g6 15.
a4 c5 16. d5 c4 17. Bg5 Be7 18. Qd2 Nc5 19. Ra2 Qc7 20. Qe3 Reb8 21. Rea1 Qb6
22. axb5 axb5 23. Nd2 Qd8 24. Bh6 Kh8 25. Qe1 Nfd7 26. Ngf1 Rxa2 27. Rxa2 Ra8
28. Qa1 Rxa2 29. Qxa2 Qa8 30. Qxa8+ Bxa8 31. Ne3  1/2-1/2

[Event "2. BUNDESLIGA MITTE 2019/2020"]
[Site "Linz"]
[Date "2019.10.13"]
[Round "3"]
[Board "6"]
[White "Salvenmoser, Stefan"]
[Black "Rechberger, Franz"]
[Result "1-0"]
[WhiteElo "2275"]
[BlackElo "2117"]
[PlyCount "89"]
[EventDate "2019.10.11"]
[EventType "team"]
[EventRounds "11"]
[EventCountry "AUT"]
[WhiteTeam "SPG Sparkasse SEDDA Grieskirchen/Schalle"]
[BlackTeam "SPG Freistadt/Wartberg"]

1. e4 c5 2. Nf3 d6 3. Bb5+ Bd7 4. Bxd7+ Qxd7 5. O-O Nc6 6. c3 Nf6 7. Qe2 e6 8.
Rd1 Be7 9. d4 cxd4 10. Nxd4 O-O 11. Na3 d5 12. exd5 exd5 13. Bg5 Bxa3 14. Bxf6
Bc5 15. Qh5 Nxd4 16. Bxd4 Bxd4 17. Rxd4 Rad8 18. Rad1 Rfe8 19. h3 g6 20. Qf3
Qb5 21. R1d2 Re1+ 22. Kh2 Qe8 23. Rxd5 Rxd5 24. Rxd5 Kg7 25. c4 Qe6 26. Qc3+
Kh6 27. Qa3 Kg7 28. Qxa7 Re4 29. b3 Qf6 30. Qb8 Qxf2 31. Qg3 Qf1 32. Qc3+ Kh6
33. Qf3 Qxf3 34. gxf3 Re2+ 35. Kg3 Rxa2 36. Rd7 b5 37. cxb5 Ra5 38. b6 Rb5 39.
b7 Kg7 40. Kf4 Kf6 41. Ke3 Ke6 42. Rc7 Rxb3+ 43. Kd4 h5 44. Kc5 f5 45. Rc6+  1-0

[Event "2. BUNDESLIGA MITTE 2019/2020"]
[Site "Linz"]
[Date "2019.10.13"]
[Round "3"]
[Board "1"]
[White "Kociscak, Jiri"]
[Black "Heinemann, Thies"]
[Result "1/2-1/2"]
[WhiteElo "2510"]
[BlackElo "2501"]
[PlyCount "106"]
[EventDate "2019.10.11"]
[EventType "team"]
[EventRounds "11"]
[EventCountry "AUT"]
[WhiteTeam "SV Steyregg"]
[BlackTeam "EJ Gleisdorf"]

1. d4 Nf6 2. c4 e6 3. Nc3 Bb4 4. Qc2 c5 5. dxc5 O-O 6. Nf3 Na6 7. a3 Bxc3+ 8.
Qxc3 Nxc5 9. e3 b6 10. Be2 Ba6 11. b4 Nce4 12. Qb3 d5 13. b5 Bb7 14. O-O Rc8
15. Bb2 dxc4 16. Bxc4 Nc5 17. Qa2 Na4 18. Bd4 Bxf3 19. gxf3 Qe7 20. Rac1 e5 21.
Ba1 Rc7 22. Qc2 Nc5 23. Qf5 Nfd7 24. Bd5 g6 25. Qc2 Qg5+ 26. Kh1 Nf6 27. Bc6
Qh5 28. Rg1 Rxc6 29. bxc6 Qxf3+ 30. Rg2 Re8 31. c7 Qc6 32. Bd4 exd4 33. exd4
Nd5 34. Qd2 Nxc7 35. dxc5 bxc5 36. Re1 Ne6 37. Qe3 c4 38. Qe4 Qc5 39. Rc1 Qxa3
40. Qxc4 Qf3 41. Qc6 Qxc6 42. Rxc6 Nf4 43. Rg1 Re2 44. Rf1 a5 45. Rc4 Nd3 46.
Kg2 Ra2 47. Rd4 Nc5 48. Rc1 Ne6 49. Rdc4 Kg7 50. R1c2 Ra3 51. R2c3 Ra2 52. Rc2
Ra1 53. Rc1 Ra2  1/2-1/2

[Event "2. BUNDESLIGA MITTE 2019/2020"]
[Site "Linz"]
[Date "2019.10.13"]
[Round "3"]
[Board "2"]
[White "Frosch, Ronald"]
[Black "Velicka, Petr"]
[Result "0-1"]
[WhiteElo "2261"]
[BlackElo "2426"]
[PlyCount "98"]
[EventDate "2019.10.11"]
[EventType "team"]
[EventRounds "11"]
[EventCountry "AUT"]
[WhiteTeam "EJ Gleisdorf"]
[BlackTeam "SV Steyregg"]

1. d4 d5 2. Nf3 Nf6 3. e3 c5 4. c3 Qc7 5. Be2 Bg4 6. O-O e6 7. h3 Bh5 8. Nbd2
Nc6 9. a3 cxd4 10. exd4 Bd6 11. Re1 O-O 12. Ne5 Bxe2 13. Qxe2 Rab8 14. Ng4 Nxg4
15. Qxg4 b5 16. Nf3 Rbe8 17. Bg5 f6 18. Bd2 Qf7 19. Nh4 g5 20. Qe2 gxh4 21. Bh6
Bb8 22. Bxf8 Kxf8 23. Qg4 h5 24. Qxh4 Ne7 25. g4 Ng6 26. Qxh5 Qg7 27. g5 Nf4
28. Qh6 fxg5 29. Qxg7+ Kxg7 30. a4 bxa4 31. Rxa4 Nxh3+ 32. Kg2 Nf4+ 33. Kf3 Rh8
34. Rg1 Kf6 35. Rb4 Kf5 36. Rb7 Rh3+ 37. Rg3 g4+ 38. Ke3 Ng2+ 39. Ke2 Bxg3 40.
fxg3 Rh1 41. Rxa7 Ne1 42. Rf7+ Kg6 43. Rf1 Rxf1 44. Kxf1 Nd3 45. b4 Nb2 46. Ke2
Nc4 47. b5 Kf6 48. Kd3 Ke7 49. b6 Kd7  0-1

[Event "2. BUNDESLIGA MITTE 2019/2020"]
[Site "Linz"]
[Date "2019.10.13"]
[Round "3"]
[Board "3"]
[White "Meyer, Gordon"]
[Black "Wanderer, Thomas"]
[Result "0-1"]
[WhiteElo "2211"]
[BlackElo "2229"]
[PlyCount "32"]
[EventDate "2019.10.11"]
[EventType "team"]
[EventRounds "11"]
[EventCountry "AUT"]
[WhiteTeam "SV Steyregg"]
[BlackTeam "EJ Gleisdorf"]

1. e4 c5 2. Nf3 e6 3. d4 cxd4 4. Nxd4 Bc5 5. Nb3 Bb6 6. Nc3 Ne7 7. Bf4 d5 8.
exd5 exd5 9. Qf3 Be6 10. O-O-O O-O 11. Bd3 Nbc6 12. Qh5 Ng6 13. Nxd5 Bxd5 14.
Bxg6 fxg6 15. Qg4 Qf6 16. Bg5 Qf5  0-1

[Event "2. BUNDESLIGA MITTE 2019/2020"]
[Site "Linz"]
[Date "2019.10.13"]
[Round "3"]
[Board "4"]
[White "Manhardt, Thomas"]
[Black "Enoeckl, Philipp"]
[Result "1/2-1/2"]
[WhiteElo "2289"]
[BlackElo "2283"]
[PlyCount "117"]
[EventDate "2019.10.11"]
[EventType "team"]
[EventRounds "11"]
[EventCountry "AUT"]
[WhiteTeam "EJ Gleisdorf"]
[BlackTeam "SV Steyregg"]

1. e4 e6 2. d4 d5 3. Nc3 Bb4 4. e5 Ne7 5. a3 Bxc3+ 6. bxc3 c5 7. h4 Qa5 8. Bd2
Qa4 9. Nf3 Nbc6 10. h5 h6 11. Qb1 c4 12. Rh4 Bd7 13. Rf4 Rf8 14. g4 O-O-O 15.
g5 hxg5 16. Nxg5 Nf5 17. Bh3 Rde8 18. Kf1 Qa5 19. Bxf5 exf5 20. h6 f6 21. exf6
gxh6 22. Nh3 Rxf6 23. Rh4 Re4 24. Nf4 Nxd4 25. Qd1 Nc6 26. f3 Re5 27. Be1 Rd6
28. Qd2 Re8 29. Rd1 d4 30. Qh2 Qxa3 31. Ne2 Rde6 32. Nxd4 Nxd4 33. Rhxd4 Rxe1+
34. Rxe1 Rxe1+ 35. Kxe1 Qc1+ 36. Rd1 Qe3+ 37. Qe2 Qxc3+ 38. Kf2 Bc6 39. Qe6+
Kc7 40. Qe7+ Kb6 41. Qe3+ Qxe3+ 42. Kxe3 Kc5 43. c3 a5 44. Rh1 a4 45. Rxh6 a3
46. Rh1 b5 47. Rb1 b4 48. cxb4+ Kb5 49. Kd4 Bxf3 50. Kc3 Be2 51. Re1 a2 52. Ra1
f4 53. Rxa2 f3 54. Ra5+ Kb6 55. Rf5 Kc6 56. b5+ Kb6 57. Kb4 c3 58. Kxc3 Bxb5
59. Rxf3  1/2-1/2

[Event "2. BUNDESLIGA MITTE 2019/2020"]
[Site "Linz"]
[Date "2019.10.13"]
[Round "3"]
[Board "5"]
[White "Wiesinger, Robert"]
[Black "Frosch, Erich"]
[Result "1-0"]
[WhiteElo "2230"]
[BlackElo "2188"]
[PlyCount "53"]
[EventDate "2019.10.11"]
[EventType "team"]
[EventRounds "11"]
[EventCountry "AUT"]
[WhiteTeam "SV Steyregg"]
[BlackTeam "EJ Gleisdorf"]

1. e4 e5 2. Nf3 Nc6 3. Bc4 Nf6 4. d3 Be7 5. O-O O-O 6. Re1 d6 7. a4 Bg4 8. h3
Be6 9. Bxe6 fxe6 10. c3 Qe8 11. b4 Nh5 12. b5 Nd8 13. Na3 Qg6 14. Nc4 Nf4 15.
Bxf4 Rxf4 16. a5 Nf7 17. b6 axb6 18. axb6 Rxa1 19. Qxa1 cxb6 20. Re3 b5 21.
Qa8+ Bf8 22. Na3 d5 23. Nxb5 dxe4 24. dxe4 Rxe4 25. Qxb7 Rxe3 26. fxe3 Qd3 27.
Qxf7+  1-0

[Event "2. BUNDESLIGA MITTE 2019/2020"]
[Site "Linz"]
[Date "2019.10.13"]
[Round "3"]
[Board "6"]
[White "Wegerer, Fred"]
[Black "Stolz, Julius"]
[Result "0-1"]
[WhiteElo "2166"]
[BlackElo "2130"]
[PlyCount "60"]
[EventDate "2019.10.11"]
[EventType "team"]
[EventRounds "11"]
[EventCountry "AUT"]
[WhiteTeam "EJ Gleisdorf"]
[BlackTeam "SV Steyregg"]

1. c4 Nf6 2. Nc3 e6 3. e3 d5 4. Nf3 c5 5. d4 Nc6 6. a3 cxd4 7. exd4 Be7 8. Bf4
O-O 9. h3 b6 10. b4 dxc4 11. Bxc4 Bb7 12. Qd3 Rc8 13. O-O Bxb4 14. Rac1 Bxc3
15. Rxc3 Na5 16. Ba2 Rxc3 17. Qxc3 Nd5 18. Qd2 Nxf4 19. Qxf4 Qe7 20. Qe3 Rd8
21. Rc1 Qd6 22. Ne5 Qxd4 23. Qg3 Rc8 24. Rxc8+ Bxc8 25. Kh2 Bb7 26. f4 g6 27.
Qg5 Kg7 28. Ng4 Qb2 29. Qh6+ Kg8 30. Ne3 Qxa2  0-1

[Event "2. BUNDESLIGA MITTE 2019/2020"]
[Site "Linz"]
[Date "2019.10.13"]
[Round "3"]
[Board "1"]
[White "Schmidt, Peter"]
[Black "Csonka, Balazs"]
[Result "0-1"]
[WhiteElo "2396"]
[BlackElo "2481"]
[PlyCount "94"]
[EventDate "2019.10.11"]
[EventType "team"]
[EventRounds "11"]
[EventCountry "AUT"]
[WhiteTeam "SPG Sauwald"]
[BlackTeam "Schachfreunde Graz"]

1. Nf3 Nf6 2. g3 d5 3. Bg2 e6 4. O-O Be7 5. c4 O-O 6. d4 dxc4 7. Qa4 a6 8. Qxc4
b5 9. Qc2 Bb7 10. Bg5 Nbd7 11. Bxf6 Nxf6 12. Nbd2 Rc8 13. Nb3 c5 14. dxc5 Ne4
15. Rfd1 Qc7 16. c6 Qxc6 17. Qxc6 Bxc6 18. Ne5 Bd5 19. Nd7 Rfe8 20. Nb6 Rc2 21.
Nxd5 exd5 22. Rxd5 Bf8 23. Bxe4 Rxe4 24. e3 Rxb2 25. Rd8 Rc4 26. Nd4 g6 27. Ra8
Ra4 28. Rc1 Raxa2 29. Rcc8 Rxf2 30. Rxf8+ Kg7 31. Rg8+ Kh6 32. Rxa6 Rg2+ 33.
Kf1 Raf2+ 34. Ke1 Rb2 35. Kf1 Rxh2 36. Kg1 Rhd2 37. Ra1 b4 38. Kh1 b3 39. Rb8
Rh2+ 40. Kg1 Rbg2+ 41. Kf1 b2 42. Re1 Rd2 43. Kg1 Kh5 44. Nf3 Rdg2+ 45. Kf1
Rf2+ 46. Kg1 Rhg2+ 47. Kh1 Kg4  0-1

[Event "2. BUNDESLIGA MITTE 2019/2020"]
[Site "Linz"]
[Date "2019.10.13"]
[Round "3"]
[Board "2"]
[White "Gajek, Radoslaw"]
[Black "Renner, Christoph"]
[Result "1-0"]
[WhiteElo "2422"]
[BlackElo "2311"]
[PlyCount "67"]
[EventDate "2019.10.11"]
[EventType "team"]
[EventRounds "11"]
[EventCountry "AUT"]
[WhiteTeam "Schachfreunde Graz"]
[BlackTeam "SPG Sauwald"]

1. e4 e6 2. d4 d5 3. Nd2 Nc6 4. Ngf3 Nf6 5. e5 Nd7 6. Be2 f6 7. exf6 Qxf6 8.
Nf1 Bd6 9. Ne3 b6 10. O-O Bb7 11. c4 O-O 12. cxd5 exd5 13. Nxd5 Qg6 14. Ne3
Rae8 15. d5 Ne7 16. h3 Kh8 17. Bb5 Rd8 18. Nh4 Qf7 19. Nc4 Ne5 20. Nxd6 Rxd6
21. Qe2 Qxd5 22. Bg5 Nf5 23. f4 Ng6 24. Nxf5 Rxf5 25. Bc4 Qd2 26. Rad1 Qxe2 27.
Bxe2 Rxd1 28. Bxd1 Rf8 29. f5 Ne5 30. f6 Nf7 31. fxg7+ Kxg7 32. Bf6+ Kg8 33.
Bb3 Be4 34. Be7  1-0

[Event "2. BUNDESLIGA MITTE 2019/2020"]
[Site "Linz"]
[Date "2019.10.13"]
[Round "3"]
[Board "3"]
[White "Testor, Sebastian"]
[Black "Huber, Martin Christian"]
[Result "1-0"]
[WhiteElo "2332"]
[BlackElo "2343"]
[PlyCount "113"]
[EventDate "2019.10.11"]
[EventType "team"]
[EventRounds "11"]
[EventCountry "AUT"]
[WhiteTeam "SPG Sauwald"]
[BlackTeam "Schachfreunde Graz"]

1. d4 Nf6 2. c4 g6 3. Nc3 d5 4. Nf3 Bg7 5. Bf4 O-O 6. Rc1 Be6 7. e3 dxc4 8. Ng5
Bd5 9. e4 h6 10. exd5 hxg5 11. Bxg5 Nxd5 12. Bxc4 Nb6 13. Bb3 Nc6 14. Ne2 Nxd4
15. Nxd4 Qxd4 16. Qxd4 Bxd4 17. Rxc7 e6 18. Ke2 Bxb2 19. Rxb7 Rfb8 20. Rxb8+
Rxb8 21. Rd1 Kg7 22. Rd8 Rxd8 23. Bxd8 Nd7 24. Bg5 Nc5 25. Be3 Ba3 26. Bc2 e5
27. g4 e4 28. f3 exf3+ 29. Kxf3 a6 30. h3 f6 31. h4 Nd7 32. Ke4 Ne5 33. Bd1 Nc6
34. Bb3 Ne7 35. Bd4 Nc6 36. Be3 Be7 37. Kd5 Ne5 38. Bd1 Kf8 39. Bd2 Nd3 40. h5
gxh5 41. gxh5 Bb4 42. Be3 a5 43. Ke4 Ne5 44. Kf5 Bc3 45. h6 Kg8 46. Bc2 Nc6 47.
Be4 Nd4+ 48. Kg6 Kh8 49. Bf4 Ne2 50. Bc7 Nc1 51. Bd8 Nxa2 52. Be7 f5 53. Bxf5
Nb4 54. Bf8 Kg8 55. Bg7 Bxg7 56. hxg7 Nd5 57. Be6#  1-0

[Event "2. BUNDESLIGA MITTE 2019/2020"]
[Site "Linz"]
[Date "2019.10.13"]
[Round "3"]
[Board "4"]
[White "Kravanja, Georg"]
[Black "Taggatz, Mario"]
[Result "1/2-1/2"]
[WhiteElo "2282"]
[BlackElo "2207"]
[PlyCount "73"]
[EventDate "2019.10.11"]
[EventType "team"]
[EventRounds "11"]
[EventCountry "AUT"]
[WhiteTeam "Schachfreunde Graz"]
[BlackTeam "SPG Sauwald"]

1. d4 e6 2. Nf3 f5 3. g3 Nf6 4. Bg2 g6 5. O-O Bg7 6. c4 O-O 7. b3 d6 8. Bb2 Ne4
9. Qc2 Nc6 10. a3 Qe7 11. d5 Nd8 12. dxe6 Nxe6 13. Nbd2 Nxd2 14. Qxd2 Nc5 15.
Qc2 Bd7 16. Nd4 Rae8 17. e3 Ne4 18. Nb5 Bxb2 19. Qxb2 c6 20. Nc3 Qf6 21. Rac1
Be6 22. Rc2 Nxc3 23. Qxc3 Qxc3 24. Rxc3 Rd8 25. Rd1 Kf7 26. Rcd3 Ke7 27. f4 a5
28. a4 Rd7 29. Kf2 Ra8 30. Bf3 Ra6 31. h4 h5 32. e4 Rb6 33. R1d2 Rb4 34. Re3
Kf7 35. Red3 Ke7 36. Re3 Kf7 37. Red3  1/2-1/2

[Event "2. BUNDESLIGA MITTE 2019/2020"]
[Site "Linz"]
[Date "2019.10.13"]
[Round "3"]
[Board "5"]
[White "Hiermann, Dietmar"]
[Black "Teuschler, Barbara"]
[Result "1-0"]
[WhiteElo "2239"]
[BlackElo "2119"]
[PlyCount "71"]
[EventDate "2019.10.11"]
[EventType "team"]
[EventRounds "11"]
[EventCountry "AUT"]
[WhiteTeam "SPG Sauwald"]
[BlackTeam "Schachfreunde Graz"]

1. e4 e5 2. Nf3 Nc6 3. Bc4 Bc5 4. c3 Nf6 5. d3 d6 6. Nbd2 a6 7. Bb3 Ba7 8. h3
h6 9. Nf1 Ne7 10. Nh4 Be6 11. Ng3 Qd7 12. Qf3 O-O-O 13. Nhf5 Nxf5 14. Nxf5 Bxb3
15. axb3 Rhg8 16. c4 Kb8 17. b4 c6 18. O-O Nh7 19. Be3 Bxe3 20. Qxe3 Nf8 21.
Ra5 Ne6 22. b5 cxb5 23. cxb5 Qc7 24. b4 g6 25. Nxh6 Rh8 26. Rc1 Qd7 27. bxa6
Nd4 28. axb7 Kxb7 29. Ng4 f5 30. Nf6 Qe6 31. Nd5 f4 32. Nxf4 Qb3 33. Nxg6 Rhf8
34. Ne7 Qxb4 35. Ra7+ Kxa7 36. Nc6+  1-0

[Event "2. BUNDESLIGA MITTE 2019/2020"]
[Site "Linz"]
[Date "2019.10.13"]
[Round "3"]
[Board "6"]
[White "Eder, Matthias"]
[Black "Hellmayr, Alois"]
[Result "0-1"]
[WhiteElo "2168"]
[BlackElo "2242"]
[PlyCount "82"]
[EventDate "2019.10.11"]
[EventType "team"]
[EventRounds "11"]
[EventCountry "AUT"]
[WhiteTeam "Schachfreunde Graz"]
[BlackTeam "SPG Sauwald"]

1. d4 d5 2. c4 e6 3. Nc3 a6 4. cxd5 exd5 5. Bf4 Nf6 6. e3 Bd6 7. Bg5 c6 8. Bd3
h6 9. Bh4 Be6 10. Nge2 Nbd7 11. f3 c5 12. dxc5 Bxc5 13. Bf2 Ne5 14. Nf4 O-O 15.
O-O Qe7 16. Re1 Rad8 17. Nxe6 Qxe6 18. Ne2 Qb6 19. Nd4 Qxb2 20. Rb1 Qxa2 21.
Rxb7 Rb8 22. Rxb8 Rxb8 23. Bb1 Qa3 24. Bh4 Ned7 25. Kh1 Re8 26. e4 Qc3 27. Nf5
Bb4 28. Re3 Qc5 29. Re2 dxe4 30. fxe4 a5 31. Bf2 Qc4 32. Ba2 Qb5 33. Nd4 Qh5
34. Bb1 Ne5 35. Bg3 Rd8 36. Qg1 Bc5 37. Rd2 Nc6 38. Bf2 Ng4 39. Nf3 Nxf2+ 40.
Rxf2 Bxf2 41. Qxf2 Rd1+  0-1

[Event "2. BUNDESLIGA MITTE 2019/2020"]
[Site "Linz"]
[Date "2019.10.13"]
[Round "3"]
[Board "1"]
[White "Rogic, Davor"]
[Black "Tratar, Marko"]
[Result "1/2-1/2"]
[WhiteElo "2494"]
[BlackElo "2443"]
[PlyCount "84"]
[EventDate "2019.10.11"]
[EventType "team"]
[EventRounds "11"]
[EventCountry "AUT"]
[WhiteTeam "SV Aspernig Transporte St. Veit 2"]
[BlackTeam "Frauental"]

1. e4 e6 2. d4 d5 3. Nd2 c5 4. exd5 Qxd5 5. Ngf3 cxd4 6. Bc4 Qd7 7. O-O Nc6 8.
Nb3 a6 9. a4 Nf6 10. Bg5 Ne4 11. Bh4 Be7 12. Bxe7 Kxe7 13. Re1 Nf6 14. Nbxd4
Nxd4 15. Nxd4 Rd8 16. c3 Qc7 17. Qb3 Kf8 18. Rad1 Bd7 19. Qa3+ Kg8 20. Be2 e5
21. Nb3 a5 22. h3 b6 23. Nd2 Be6 24. Bb5 Rd6 25. Nf3 Rxd1 26. Rxd1 Bd5 27. Be2
Rd8 28. Ne1 Be6 29. Rxd8+ Qxd8 30. Nf3 Ne4 31. Qa1 f6 32. Bb5 Nd2 33. Qd1 Nxf3+
34. Qxf3 Qd5 35. Qe2 Qd6 36. Bc4 Kf8 37. Bxe6 Qxe6 38. Qd3 Qb3 39. Qd8+ Kf7 40.
Qd7+ Kf8 41. Qd8+ Kf7 42. Qd7+ Kf8  1/2-1/2

[Event "2. BUNDESLIGA MITTE 2019/2020"]
[Site "Linz"]
[Date "2019.10.13"]
[Round "3"]
[Board "2"]
[White "Schachinger, Mario"]
[Black "Drnovsek, Gal"]
[Result "1-0"]
[WhiteElo "2402"]
[BlackElo "2394"]
[PlyCount "161"]
[EventDate "2019.10.11"]
[EventType "team"]
[EventRounds "11"]
[EventCountry "AUT"]
[WhiteTeam "Frauental"]
[BlackTeam "SV Aspernig Transporte St. Veit 2"]

1. e4 c5 2. Nf3 d6 3. Bb5+ Nd7 4. O-O a6 5. Bd3 Ngf6 6. c3 e6 7. Bc2 Be7 8. d4
b5 9. Re1 Bb7 10. h3 cxd4 11. cxd4 Rc8 12. a3 Nb6 13. Nc3 Nc4 14. Bd3 O-O 15.
Qe2 Qc7 16. b4 Nd7 17. Bg5 Bxg5 18. Nxg5 e5 19. d5 Ndb6 20. Rec1 Qe7 21. Nf3 f5
22. a4 fxe4 23. Bxe4 bxa4 24. Nxa4 Nxa4 25. Rxa4 Nb6 26. Raa1 Nd7 27. Rxc8 Rxc8
28. Nd2 Nf6 29. Bf5 Rc7 30. Be6+ Kh8 31. Qd3 Qe8 32. Nf1 Qg6 33. Qxg6 hxg6 34.
Ne3 Rc3 35. Rb1 Kh7 36. b5 a5 37. Ra1 Rc5 38. Rxa5 Bxd5 39. Bxd5 Nxd5 40. Ra6
Nxe3 41. fxe3 d5 42. Re6 Rxb5 43. Rxe5 Kg8 44. Re6 Kf7 45. Rd6 Rb3 46. Kf2 Rb2+
47. Kf3 Rd2 48. h4 Rd1 49. g4 Rf1+ 50. Kg3 Rd1 51. Kf4 Rd3 52. Rd7+ Kf8 53. Kf3
Rd2 54. Kg3 Rd1 55. Kf4 Rd3 56. Ra7 Kg8 57. Ra6 Kf7 58. Rd6 g5+ 59. hxg5 g6 60.
Rd7+ Kg8 61. Ra7 Kf8 62. Ra6 Kg7 63. Rb6 Kf7 64. Rd6 Kg7 65. Rd7+ Kg8 66. Kf3
Rd2 67. Kg3 Kf8 68. Kf4 Rd3 69. Ke5 Rxe3+ 70. Kf6 Kg8 71. Rxd5 Re8 72. Re5 Ra8
73. Re6 Ra4 74. Kxg6 Kf8 75. Rf6+ Kg8 76. Rb6 Ra8 77. Kh6 Rc8 78. g6 Kh8 79.
Rf6 Kg8 80. g7 Rd8 81. Rf8+  1-0

[Event "2. BUNDESLIGA MITTE 2019/2020"]
[Site "Linz"]
[Date "2019.10.13"]
[Round "3"]
[Board "3"]
[White "Dietmayer-Kraeutler, Marco"]
[Black "Krebs, Johann"]
[Result "1/2-1/2"]
[WhiteElo "2342"]
[BlackElo "2226"]
[PlyCount "61"]
[EventDate "2019.10.11"]
[EventType "team"]
[EventRounds "11"]
[EventCountry "AUT"]
[WhiteTeam "SV Aspernig Transporte St. Veit 2"]
[BlackTeam "Frauental"]

1. d4 Nf6 2. c4 g6 3. Nc3 Bg7 4. e4 d6 5. Nf3 O-O 6. Be2 c5 7. O-O cxd4 8. Nxd4
Nc6 9. Be3 Bd7 10. Qd2 Ng4 11. Nxc6 bxc6 12. Bxg4 Bxg4 13. Bd4 Bxd4 14. Qxd4
Be6 15. b3 Qb6 16. Qd3 Rab8 17. Kh1 Qc5 18. f4 f6 19. Rac1 Qh5 20. Ne2 a5 21.
c5 dxc5 22. Ng3 c4 23. Rxc4 Qb5 24. Rc3 Qxd3 25. Rxd3 Rfd8 26. Rc3 Rb6 27. Kg1
a4 28. bxa4 Bxa2 29. a5 Ra6 30. Rfc1 Rd6 31. R1c2  1/2-1/2

[Event "2. BUNDESLIGA MITTE 2019/2020"]
[Site "Linz"]
[Date "2019.10.13"]
[Round "3"]
[Board "4"]
[White "Khalakhan, Jurij"]
[Black "Hebesberger, Thomas"]
[Result "1/2-1/2"]
[WhiteElo "2249"]
[BlackElo "2241"]
[PlyCount "76"]
[EventDate "2019.10.11"]
[EventType "team"]
[EventRounds "11"]
[EventCountry "AUT"]
[WhiteTeam "Frauental"]
[BlackTeam "SV Aspernig Transporte St. Veit 2"]

1. e4 c5 2. Nc3 Nc6 3. f4 g6 4. Nf3 Bg7 5. Bb5 Nd4 6. O-O a6 7. Bd3 Nc6 8. a4
e6 9. Qe1 Nb4 10. Kh1 Ne7 11. Qh4 Nec6 12. Qf2 Nxd3 13. cxd3 d6 14. b3 O-O 15.
Bb2 Qb6 16. Rab1 Nd4 17. Ne2 Nxf3 18. Qxf3 Bxb2 19. Rxb2 Bd7 20. Rbb1 Qb4 21.
Nc3 b5 22. f5 Qd4 23. f6 h6 24. a5 Kh7 25. Nd1 e5 26. Qg3 d5 27. exd5 Qxd5 28.
Nc3 Qd4 29. Rbe1 Bc6 30. Rxe5 Rad8 31. Rh5 Qxd3 32. Rxh6+ Kg8 33. Rf4 Qxg3 34.
hxg3 Rd4 35. Rxd4 cxd4 36. Ne2 d3 37. Nf4 Be4 38. Nh3 Bd5  1/2-1/2

[Event "2. BUNDESLIGA MITTE 2019/2020"]
[Site "Linz"]
[Date "2019.10.13"]
[Round "3"]
[Board "5"]
[White "Guetz, Wolfgang"]
[Black "Ebner, Hubert"]
[Result "1-0"]
[WhiteElo "2072"]
[BlackElo "2210"]
[PlyCount "77"]
[EventDate "2019.10.11"]
[EventType "team"]
[EventRounds "11"]
[EventCountry "AUT"]
[WhiteTeam "SV Aspernig Transporte St. Veit 2"]
[BlackTeam "Frauental"]

1. e4 e6 2. d4 d5 3. Nc3 dxe4 4. Nxe4 Bd7 5. Nf3 Bc6 6. Bd3 Nd7 7. O-O Ngf6 8.
Qe2 Be7 9. c3 O-O 10. Ne5 Bxe4 11. Bxe4 Nxe5 12. dxe5 Nxe4 13. Qxe4 c6 14. Qg4
Qd5 15. Bf4 Rfd8 16. Rfd1 Qe4 17. h4 h5 18. Qg3 Qe2 19. Re1 Qd3 20. Qxd3 Rxd3
21. Rad1 Rxd1 22. Rxd1 Bxh4 23. Rd7 Rd8 24. Rxb7 Rd1+ 25. Kh2 Bxf2 26. Rc7 Ra1
27. Rxc6 Rxa2 28. b4 Rb2 29. Rc7 Rb3 30. Bd2 h4 31. Kh3 a6 32. Kg4 Bg3 33. Rc6
Bxe5 34. Kxh4 Ra3 35. c4 Ra2 36. Be1 Kh7 37. Kh3 Kg6 38. Rc5 Ra1 39. Rxe5  1-0

[Event "2. BUNDESLIGA MITTE 2019/2020"]
[Site "Linz"]
[Date "2019.10.13"]
[Round "3"]
[Board "6"]
[White "Steiner, Stefan"]
[Black "Kobas, Mihael"]
[Result "1/2-1/2"]
[WhiteElo "2298"]
[BlackElo "2058"]
[PlyCount "154"]
[EventDate "2019.10.11"]
[EventType "team"]
[EventRounds "11"]
[EventCountry "AUT"]
[WhiteTeam "Frauental"]
[BlackTeam "SV Aspernig Transporte St. Veit 2"]

1. Nf3 Nf6 2. c4 g6 3. Nc3 Bg7 4. g3 O-O 5. Bg2 c6 6. O-O d6 7. d4 Bf5 8. Nh4
Be6 9. b3 d5 10. cxd5 cxd5 11. e3 Nc6 12. f4 Qd7 13. Bb2 Bh3 14. Nf3 Bxg2 15.
Kxg2 Rac8 16. Rc1 Qf5 17. Ba3 Ne4 18. Ne2 f6 19. h3 h5 20. Nh4 Qe6 21. Nxg6 f5
22. Rxc6 Rxc6 23. Nxe7+ Kf7 24. Nxc6 bxc6 25. h4 Rg8 26. Rf3 Qg6 27. Bb4 Bf6
28. Qh1 Qg4 29. Qh3 Bxh4 30. Be1 Be7 31. Qxg4 Rxg4 32. Nc1 h4 33. Nd3 Bf6 34.
Kh2 hxg3+ 35. Bxg3 Nd2 36. Rf2 Ne4 37. Rg2 Rg8 38. Be1 Rh8+ 39. Kg1 Rh3 40. Re2
Ke6 41. Kg2 Rh7 42. Rc2 Rg7+ 43. Kf1 Kd7 44. Nb4 Rh7 45. Rg2 Be7 46. Nd3 Bf6
47. Ke2 Rh3 48. Nf2 Nxf2 49. Bxf2 Ke6 50. Be1 Rh1 51. Bb4 Ra1 52. Kd3 Rd1+ 53.
Kc2 Ra1 54. Kb2 Rf1 55. Rc2 Kd7 56. Rh2 Rf3 57. Rh7+ Ke6 58. Rc7 Rxe3 59. Rxc6+
Kf7 60. Bc5 Re4 61. Kc3 Rxf4 62. Rd6 Rf3+ 63. Kb4 Rd3 64. Rxd5 f4 65. Rf5 f3
66. Kc4 Re3 67. d5 Rc3+ 68. Kb4 a5+ 69. Kb5 Kg6 70. Rf4 Kg5 71. Rc4 Rd3 72. Kc6
Kf5 73. Rc2 Bh4 74. Bf2 Be7 75. Bc5 Bh4 76. Bf2 Be7 77. Bc5 Bh4  1/2-1/2

[Event "2. BUNDESLIGA MITTE 2019/2020"]
[Site "Taufkirchen"]
[Date "2019.11.08"]
[Round "4"]
[Board "1"]
[White "Mostbauer, Maximilian"]
[Black "Tratar, Marko"]
[Result "1/2-1/2"]
[WhiteElo "2225"]
[BlackElo "2443"]
[PlyCount "60"]
[EventDate "2019.10.11"]
[EventType "team"]
[EventRounds "11"]
[EventCountry "AUT"]
[WhiteTeam "SPG Nettingsdorf/Traun"]
[BlackTeam "Frauental"]

1. d4 Nf6 2. Nf3 e6 3. g3 d5 4. Bg2 b5 5. O-O c5 6. b3 Bb7 7. c4 dxc4 8. bxc4
b4 9. a3 bxa3 10. Bxa3 Nbd7 11. Nc3 cxd4 12. Qxd4 Bxa3 13. Rxa3 a5 14. Rb1 Bc6
15. Ne5 Bxg2 16. Kxg2 Nxe5 17. Qxe5 O-O 18. Rb5 Qc8 19. Qc5 Nd7 20. Qxc8 Rfxc8
21. Rbxa5 Rxa5 22. Rxa5 Rxc4 23. Ra7 Rxc3 24. Rxd7 h5 25. h4 g6 26. Rb7 Kg7 27.
Ra7 Rc2 28. e3 Kf6 29. Kf3 Rb2 30. Rc7 Ra2  1/2-1/2